Wszystkie rodzaje magii w świecie Avatara - Statystyki

Ogólne statystyki
  • Ten quiz został rozwiązany 29 razy
  • Średni wynik to 11 z 32
Statystyki odpowiedzi
% Poprawnych
Główny Magia Ognia
100%
Główny Magia Powietrza
100%
Główny Magia Wody
100%
Główny Magia Ziemii
100%
podrodzaj Magia metalu
81%
podrodzaj Magia magmy
76%
podrodzaj Magia krwii
71%
podrodzaj Magia piasku
67%
podrodzaj Magia błyskawic / Magia przekierowywania błyskawic
62%
podrodzaj Magia lotu
62%
podrodzaj Magia Leczenia wodą
43%
podrodzaj Magia leczenia ogniem
38%
podrodzaj Magia roślin
38%
Główny Magia Energii (chi)
29%
podrodzaj Magia eksplozji(magia bum bum)
24%
podrodzaj Magia szkła
19%
podrodzaj(niepotwierdzone) Magia dźwięku
14%
podrodzaj(niepotwierdzone) Magia kości
14%
podrodzaj Widzenie sejsmiczne
14%
podrodzaj Kontrola Ciepła
10%
podrodzaj Odbieranie umjejętności Tkania
10%
podrodzaj Projekcja Astralna
10%
podrodzaj Projekcja duchowa
10%
podrodzaj Magia burzy
5%
podrodzaj Magia cienia
5%
podrodzaj(niepotwierdzone) Magia drewna
5%
podrodzaj Nadwrażliwość na bodźce
5%
podrodzaj Magia nagradzania
0%
podrodzaj Magia plazmy
0%
podrodzaj Magia płynnej ziemi
0%
podrodzaj Manipulacja energią
0%
podrodzaj wiązka energii
0%
Nie znaleziono quizów pasujących do podanych kryteriów
Rozkład punktacji
Procent ludzi z każdym wynikiem
Percentyl według liczby udzielonych odpowiedzi
Twoja historia wyników
Nie rozwiązałeś tego quizu